| 000 | 01294cad a22002535a 4500 | ||
|---|---|---|---|
| 001 | L137729 | ||
| 008 | 070425s2007 xxk f 000 0 eng d | ||
| 035 | _a(Sirsi) u137729 | ||
| 041 | 0 | _aeng | |
| 050 | 0 | 4 | _a346.410434 $2 18 |
| 110 | 2 |
_aChartered Institute of Housing _92394 |
|
| 245 | 0 | 0 |
_aWays and means _ba guide for landlords _h[electronic resource] |
| 260 |
_aCoventry _bCIH _c2007 |
||
| 520 | _aEncourages landlords to understand and engage with their local councils, and suggests ways of doing so. Explains councils' private rented sector enforcement powers. Reports on best practice research into ways that councils interact and intervene with the private sector. Explains accreditation, Private Sector Leasing (PSL) schemes, and services helping with deposits, ASBOs and problem tenants. Explains various forms of property licencing. | ||
| 590 | _aKA NTK | ||
| 650 | 2 | 4 | _aHOUSING ACT 2004 |
| 650 | 2 | 4 | _aANTI-SOCIAL BEHAVIOUR ORDERS |
| 650 | 2 | 4 | _aPRIVATE SECTOR LEASING SCHEMES |
| 651 | 4 |
_aEngland and Wales _y1543- |
|
| 690 | _aPROPERTY-RESIDENTIAL PROPERTY-RESIDENTIAL LANDLORD AND TENANT | ||
| 710 | 2 |
_aBritish Property Federation _91604 |
|
| 856 | 4 | 8 |
_uhttps://www.cih.org/policy/free-publications.htm _ZView the item free of charge at www.cih.org/policy... |
| 942 | _n0 | ||
| 999 |
_c106885 _d106885 |
||